|
|
|
|
| LEADER |
00000cam a2200000 a 4500 |
| 001 |
vtls001074907 |
| 003 |
SK-MaSNL |
| 005 |
20260301193541.0 |
| 008 |
240606s1994 xo a b 000 j slo |
| 015 |
|
|
|a SNBA1994/05
|
| 020 |
|
|
|a 8071346322
|q (viaz.)
|
| 035 |
|
|
|a SNK000017739
|
| 035 |
|
|
|a urn:nbn:sk:snk-amlnqv
|
| 035 |
|
|
|a urn:nbn:sk:snk-am00bz1y
|
| 035 |
|
|
|a FCDA8260-1AE9-443A-8AC3-0709B3FF0E0B
|
| 040 |
|
|
|a SNK
|b slo
|c SNK
|e AACR2
|
| 041 |
1 |
|
|a slo
|h eng
|
| 044 |
|
|
|a xo
|c SK
|
| 080 |
|
|
|a 820 (73)-3(087.5)
|2 1981
|
| 110 |
2 |
|
|a Walt Disney Enterprises
|4 aut
|9 99785
|
| 245 |
1 |
0 |
|a Šípková Ruženka
|c Walt Disney ; z anglického originálu preložil Tomáš Bičan
|
| 250 |
|
|
|a 1. vyd.
|
| 260 |
|
|
|a Bratislava
|b Egmont Neografia
|c 1994
|e Martin
|f Neografia
|
| 300 |
|
|
|a 95 s.
|b ilustr.
|c 29 cm
|
| 655 |
|
7 |
|a americké rozprávky
|2 SNKPH
|9 82283
|
| 655 |
|
7 |
|a autorské rozprávky
|2 SNKPH
|9 70727
|
| 655 |
|
7 |
|a literatúra pre deti
|2 SNKPH
|9 87135
|
| 700 |
1 |
|
|a Bičan, Tomáš
|4 trl
|9 278155
|
| 787 |
0 |
8 |
|i Zo série:
|t Luxus
|
| 852 |
|
|
|a Slovenská národná knižnica
|
| 919 |
|
|
|a 80-7134-632-2
|
| 954 |
|
|
|a beletria cudzojazyčná (svetová)
|2 lita
|
| 958 |
|
|
|a LX
|
| 958 |
|
|
|a DB
|
| 958 |
|
|
|a UC
|
| 958 |
|
|
|a TL
|
| 958 |
|
|
|a UP
|
| 958 |
|
|
|a NS
|
| 968 |
|
|
|b ENG
|
| 999 |
|
|
|c 877913
|d 879843
|
| 952 |
|
|
|a SNK
|b SNK
|y PREZ
|7 0
|p 17A0080119
|o snkSB 52385 D1
|0 0
|1 0
|4 0
|d 1997-07-16
|l 0
|r 2004-12-31 00:00:00
|w 2026-02-24
|
| 952 |
|
|
|a SNK
|b SNK
|y PREZ
|7 0
|p 17A0905126
|o snkSB 52385
|i snkKSP 4155/94
|0 0
|1 0
|4 0
|d 2012-08-09
|f 1
|l 0
|r 2025-03-14 00:00:00
|w 2026-02-24
|